Performance measures for the criminal justice system /

Bibliographic Details
Corporate Authors: United States. Bureau of Justice Statistics, BJS-Princeton Project
Other Authors: DiIulio, John J., Jr., 1958-
Format: Government Document Book
Language:English
Published: Washington, D.C. : U.S Dept. of Justice, Office of Justice Programs, Bureau of Justice Statistics, [1993]
Series:Discussion paper from the BJS-Princeton Project.
Subjects:

MARC

Tag First Indicator Second Indicator Subfields
LEADER 00000cam a2200000 a 4500
001 in00001168614
005 20151001072307.0
008 931117s1993 dcu b f000 0 eng d
010 |a gp 94067441  
035 |a (OCoLC)29337431 
035 |9 AGE4671AM 
037 |a NCJ-143505  |b BJS 
040 |a GPO  |c GPO  |d DLC  |d UtOrBLW 
043 |a n-us--- 
074 |a 0717-R-01 
086 0 |a J 29.2:C 86/13 
245 0 0 |a Performance measures for the criminal justice system /  |c by John J. DiIulio, Jr. [and others]. 
264 1 |a Washington, D.C. :  |b U.S Dept. of Justice, Office of Justice Programs, Bureau of Justice Statistics,  |c [1993] 
300 |a x, 167 pages ;  |c 21 cm. 
336 |a text  |b txt  |2 rdacontent 
337 |a unmediated  |b n  |2 rdamedia 
338 |a volume  |b nc  |2 rdacarrier 
490 1 |a A Discussion paper from the BJS-Princeton Project 
500 |a "Supported by BJS grant number 92-BJ-CX-0002 to Princeton University"--Title page verso. 
500 |a Shipping list number: 93-0634-P. 
500 |a "October 1993." 
504 |a Includes bibliographical references. 
650 0 |a Criminal justice, Administration of  |z United States. 
650 0 |a Criminal justice personnel  |z United States. 
700 1 |a DiIulio, John J.,  |c Jr.,  |d 1958- 
710 1 |a United States.  |b Bureau of Justice Statistics. 
710 2 |a BJS-Princeton Project. 
830 0 |a Discussion paper from the BJS-Princeton Project. 
999 |a MARS 
999 f f |s c79efb2f-c7d5-3bb7-9cd0-655bcabdce7b  |i d6d83721-5a1f-338d-b6f3-4e90913c9ebc  |t 0 
952 f f |p normal  |a Texas A&M University  |b College Station  |c Sterling C. Evans Library  |d Evans: US Documents (Annex 5th floor)  |t 0  |e J 29.2:C 86/13  |h Superintendent of Documents classification  |i unmediated -- volume  |m A14817774170 
998 f f |a J 29.2:C 86/13  |t 0  |l Evans: US Documents (Annex 5th floor)